| 000 | 00701nam a22002411a 4500 | ||
|---|---|---|---|
| 001 | 67914 | ||
| 003 | BD-RjUL | ||
| 005 | 20211209081716.0 | ||
| 008 | 850515s1962 caua 001 0 eng | ||
| 035 | _a(BD-RjUL)68123 | ||
| 040 |
_aDLC/ICU _cICU _dDLC _dBD-RjUL _beng |
||
| 041 | _aeng | ||
| 082 | 0 | 0 |
_223 _a571.5 _bHUA 1962 |
| 100 | 1 |
_aHumason, Gretchen L. _9201318 |
|
| 245 | 1 | 0 |
_aAnimal tissue techniques / _cGretchen L Humason |
| 260 |
_aSan Francisco : _bW.H. Freeman, _c1962 |
||
| 300 |
_a468 p. : _bill. ; _c25 cm. |
||
| 500 | _aIncludes index | ||
| 650 | 0 |
_aHistology _9201250 |
|
| 830 |
_aA Series of biology books _9201319 |
||
| 942 |
_2ddc _cBK |
||
| 999 |
_c67914 _d67914 |
||